=LDR 00000nam 2200000 4500 =001 INLIS000000000050612 =005 20200310085057 =035 ##$$a 0010-0517000265 =007 ta =008 200310################g##########0#ind## =020 ##$$a 978-979-1093-38-5 =082 ##$$a 297.112 =084 ##$$a 297.112 AMM n =100 #$$a Ammar, Abu =245 1#$$a Negeri-Negeri Penghafal Al-Quran /$c Abu Ammar, Abu fataiah al-adnani; Editor, Tim al- wafi proofreader =250 ##$$a Cet.1 =260 ##$$a Sukoharjo :$b Al-Wafi Publishing,$c 2015 =300 ##$$a 590 hlm. : $b Ilus ; $c 24 cm. =650 #4$$a Al-QURAN =990 ##$$a 31701384 =990 ##$$a 31701383